000 00503nam a2200169 a 4500
001 000017841
005 20200929165242.0
008 100406s1994 dr 000 0 spa d
040 _aDO-SdBNP
_bspa
_cBNPHU
082 _axxx
_bM386e
100 1 _aMartínez, J. Adarberto
_938743
245 1 0 _aEntre la manigüa y el plantel /
_cJ. Adarberto Martínez.
260 _aSanto Domingo :
_bONAP,
_c1994.
300 _a185 P. :
_bil. ;
_c22 cm.
504 _aIncluye referencias bibliográficas
049 _aBNPD
999 _c17365
_d17365